| 000 | 01286nam a2200325 c 4500 | ||
|---|---|---|---|
| 001 | 59123 | ||
| 003 | CO-BoRNBP | ||
| 005 | 20250910220948.0 | ||
| 007 | ta | ||
| 008 | 210827r20132020mx a er 000 0 spa d | ||
| 020 | _a9789962042600 | ||
| 040 |
_aCO-BoRNBP _bspa _erda _cCO-BoRNBP |
||
| 041 | 0 | _aspa | |
| 082 | 0 | 4 |
_a465 _bC65 _222 |
| 245 | 1 | 0 |
_aConsultor gramática / _cequipo editorial Carmen C. Chávez Reyes, Álvaro León de la Cruz. |
| 250 | _a1a. edición | ||
| 264 | 1 |
_aCiudad de México, México : _bLexus Editorial, _c2020 |
|
| 300 |
_a1037 páginas : _bilustraciones a color |
||
| 336 |
_atexto _btxt _2rdacontent |
||
| 337 |
_asin mediación _bn _2rdamedia |
||
| 338 |
_avolumen _bnc _2rdacarrier |
||
| 500 | _aEl material correspondiente a la dotación PNLB 2022 con código URBANA-2022-00979, corresponde a la edición de 2020 y el material con códigos RURAL-2022-00747 y NARP-2022-00155, corresponden a la edición de 2015 | ||
| 500 | _aIncluye ejercicios y respuestas al final del texto | ||
| 521 | _aRecomendado para un público adulto | ||
| 650 | 0 | 7 |
_aEspañol _xHistoria _2LEMB _964838 |
| 650 | 0 | 7 |
_aEspañol _xOrtografía _2LEMB _961278 |
| 650 | 0 | 7 |
_aEspañol _xSintaxis _2LEMB _964839 |
| 700 |
_aLeón de la Cruz, Álvaro _deditor _eedt _964840 |
||
| 942 |
_2ddc _cBK |
||
| 999 |
_c59123 _d59123 |
||